Glencoe mathematics : (Record no. 16774)

000 -LEADER
fixed length control field 01135cam a2200241Ka 4500
020 ## - INTERNATIONAL STANDARD BOOK NUMBER
ISBN 0078296315 (Gr.6 student book 1)
020 ## - INTERNATIONAL STANDARD BOOK NUMBER
ISBN 0078296323 (Gr.6 teacher ed.)
020 ## - INTERNATIONAL STANDARD BOOK NUMBER
ISBN 0078296331 (Gr.7 student book)
020 ## - INTERNATIONAL STANDARD BOOK NUMBER
ISBN 007829634x (Gr.7 teacher ed.)
020 ## - INTERNATIONAL STANDARD BOOK NUMBER
ISBN 0078296358 (Gr.8, student book)
020 ## - INTERNATIONAL STANDARD BOOK NUMBER
ISBN 0078296366 (Gr.8, teacher ed.)
040 ## - CATALOGING SOURCE
Transcribing agency OUV
082 ## - DEWEY DECIMAL CLASSIFICATION NUMBER
Classification number 510 GLE 2004 A109 Or.
245 00 - TITLE STATEMENT
Title Glencoe mathematics :
Remainder of title applications and concepts /
246 30 - VARYING FORM OF TITLE
Title proper/short title Mathematics :
Remainder of title applications and concepts
260 ## - PUBLICATION, DISTRIBUTION, ETC. (IMPRINT)
Place of publication New York :
Name of publisher Glencoe/McGraw-Hill,
Year of publication c2004.
300 ## - PHYSICAL DESCRIPTION
Number of Pages v. :
Other physical details ill. ;
Dimensions 28 cm.
500 ## - GENERAL NOTE
General note Teacher resources: Student book (Gr.6-8:text) -- Teacher ed. (Gr.6-8:te1-2) -- Quick review math handbook (Gr.6-8:sr) -- Resource masters, chapters 1 through 14 (Gr.6-8:tr1:v.1-14) -- Calculator and spreadsheet masters (Gr.6-8:tr2) -- Math skills maintenance workbook -- Teaching mathematics with manipulatives (Gr.6-8:tr3) -- WebQuests, projects and interdisciplinary investigations (Gr.6-8:tr4).
650 #0 - SUBJECT ADDED ENTRY--TOPICAL TERM
Topical Term Mathematics
650 #0 - SUBJECT ADDED ENTRY--TOPICAL TERM
Topical Term Mathematics
700 1# - ADDED ENTRY--PERSONAL NAME
Personal name Bailey, Rhonda.
942 ## - ADDED ENTRY ELEMENTS (KOHA)
Koha item type សៀវភៅភាសាអង់គ្លេស
952 ## - LOCATION AND ITEM INFORMATION (KOHA)
Withdrawn status [LOCAL, KOHA] 0
Holdings
Permanent Location Date acquired Koha item type Lost status Shelving location Barcode Current Location Full call number
Library Block A2018-04-25សៀវភៅភាសាអង់គ្លេស A106A19672Library Block A510 GLE 2004 A106 Or.
មជ្ឈមណ្ឌលឯការនៃសាកលវិទ្យាល័យភូមិន្ទកសិកម្មចំការដូង

Powered by Koha